Statistics for Icelandic Alphabet

Click here to take the quiz!

General Stats

  • This quiz has been taken 29 times
  • The average score is 62 of 64

Answer Stats

Icelandic Alphabet% Correct
A
100%
a
100%
Á
100%
á
100%
B
100%
b
100%
D
100%
d
100%
Ð
100%
ð
100%
E
100%
e
100%
É
100%
é
100%
F
100%
f
100%
G
100%
g
100%
H
100%
h
100%
I
100%
i
100%
Í
100%
í
100%
J
100%
j
100%
K
100%
k
100%
L
100%
l
100%
M
100%
m
100%
N
100%
n
100%
O
100%
Ö
100%
ö
100%
ó
100%
o
100%
Ó
100%
R
100%
r
100%
T
100%
t
100%
u
100%
ú
100%
Ú
100%
U
100%
v
100%
V
100%
Ý
100%
Y
100%
ý
100%
y
100%
P
95%
p
95%
S
95%
s
95%
X
95%
x
95%
Þ
71%
þ
71%
Æ
67%
æ
67%

Score Distribution

Percentile by Number Answered

Percent of People with Each Score

Your Score History

You have not taken this quiz